000 00595nam 22002173 4500
001 200716
010 _a972-662-933-0
021 _aPT
_b201362/2003
090 _a200716
100 _a20260224d u||y0pory50 ba
200 _aEste é "um daqueles dias", Papá?
_fLynn Johnston
_gtradução Gonçalo Terra
205 _a
210 _aLisboa
_cGradiva
_d2003
215 _a127 p.
_cil. ; brochado
_d22 cm
606 _91586
_aDesenho Artístico
610 _aBanda desenhada
675 _a74
_vPT
_zpor
700 _911302
_aJohnston
_bLynn
801 _aPT
_bBMMN
_gRPC
830 _cIsabel
990 _cLIVROS